[Event "Winnipeg TNT August op"]
[Site "Winnipeg"]
[Date "2012.08.21"]
[Round "3"]
[White "Mundwiler, Les"]
[Black "Swift, Ryne"]
[Result "1/2-1/2"]
[WhiteElo "2045"]
[BlackElo "1924"]
[PlyCount "73"]
[EventDate "2012.08.07"]
[EventType "swiss"]
[EventRounds "4"]
[EventCountry "CAN"]
[SourceTitle "EXT 2022"]
[Source "ChessBase"]
[SourceDate "2021.10.06"]
[SourceVersion "1"]
[SourceVersionDate "2021.10.06"]
[SourceQuality "1"]

1. Nf3 Nf6 2. d3 d5 3. Nbd2 e6 4. c3 Be7 5. e4 0-0 6. Be2 dxe4 7. dxe4 c5 8. b3 Nc6 9. h3 Qc7 10. Qc2 b6 11. 0-0 Bb7 12. Nh2 Rad8 13. Ng4 Nxg4 14. hxg4 e5 15. Nc4 Rd7 16. Ne3 Bd8 17. Rd1 Rxd1+ 18. Qxd1 Ne7 19. Nd5 Nxd5 20. exd5 Qd6 21. c4 Bf6 22. Be3 Rd8 23. Rb1 a5 24. a4 Re8 25. Qd2 Kf8 26. g3 Bc8 27. Kg2 Bd7 28. Rh1 Kg8 29. Qc2 e4 30. Qd2 Be5 31. Bf4 Qg6 32. Bxe5 Rxe5 33. Qf4 Qg5 34. Rh5 Qxf4 35. gxf4 Rxh5 36. gxh5 f5 37. Kh3 1/2-1/2

[Event "Winnipeg TNT August op"]
[Site "Winnipeg"]
[Date "2012.08.07"]
[Round "1"]
[White "Campbell, Jamie"]
[Black "Swift, Ryne"]
[Result "1/2-1/2"]
[WhiteElo "1589"]
[BlackElo "1924"]
[PlyCount "78"]
[EventDate "2012.08.07"]
[EventType "swiss"]
[EventRounds "4"]
[EventCountry "CAN"]
[SourceTitle "EXT 2022"]
[Source "ChessBase"]
[SourceDate "2021.10.06"]
[SourceVersion "1"]
[SourceVersionDate "2021.10.06"]
[SourceQuality "1"]

1. Nf3 d5 2. c4 Nf6 3. cxd5 Nxd5 4. d4 e6 5. e3 Be7 6. Nc3 0-0 7. Bd3 c5 8. e4 Nb4 9. Bb1 cxd4 10. Qxd4 Qxd4 11. Nxd4 Rd8 12. Be3 N8c6 13. Nf3 Bf6 14. 0-0 Bd7 15. a3 Na6 16. Bg5 Bxg5 17. Nxg5 Nd4 18. Bd3 Nc5 19. Bc4 h6 20. Rad1 Bc6 21. b4 hxg5 22. bxc5 b6 23. cxb6 axb6 24. f3 Rxa3 25. Ne2 Nxe2+ 26. Bxe2 Rxd1 27. Rxd1 Kf8 28. Rb1 b5 29. Bxb5 Bxb5 30. Rxb5 f6 31. e5 Kf7 32. Rb7+ Kg6 33. exf6 gxf6 34. Rb2 f5 35. Kf2 Ra6 36. g3 e5 37. Re2 Kf6 38. h3 Re6 39. g4 f4 1/2-1/2

[Event "Winnipeg Yanofsky Memorial"]
[Site "Winnipeg"]
[Date "2012.07.29"]
[Round "4"]
[White "Swift, Ryne"]
[Black "Nikouline, Alexandre"]
[Result "1/2-1/2"]
[WhiteElo "1815"]
[BlackElo "2090"]
[PlyCount "101"]
[EventDate "2012.07.27"]
[EventType "swiss"]
[EventRounds "5"]
[EventCountry "CAN"]
[SourceTitle "EXT 2022"]
[Source "ChessBase"]
[SourceDate "2021.10.06"]
[SourceVersion "1"]
[SourceVersionDate "2021.10.06"]
[SourceQuality "1"]

1. e4 e5 2. Nf3 Nc6 3. d4 exd4 4. Nxd4 Nf6 5. Nc3 Bb4 6. Nxc6 bxc6 7. Bd3 0-0 8. 0-0 d6 9. Bd2 a5 10. f3 Bc5+ 11. Kh1 Ba6 12. Bxa6 Rxa6 13. Qe2 Qc8 14. Rfe1 d5 15. exd5 cxd5 16. Qd3 c6 17. Rab1 Ra7 18. Be3 Bxe3 19. Rxe3 Qb8 20. b3 Qb4 21. Ne2 Re7 22. c3 Qd6 23. Rxe7 Qxe7 24. Nd4 Re8 25. Qd2 Qd7 26. a4 Kf8 27. b4 Qc7 28. Kg1 Nd7 29. Re1 Ne5 30. f4 Nc4 31. Rxe8+ Kxe8 32. Qf2 Nb6 33. Qe2+ Qe7 34. Qxe7+ Kxe7 35. Nxc6+ Kd6 36. bxa5 Nxa4 37. Nd4 Nxc3 38. Nf5+ Kc5 39. Kf2 g6 40. Nh6 f5 41. g4 Ne4+ 42. Ke2 Kc4 43. gxf5 d4 44. fxg6 d3+ 45. Kd1 hxg6 46. Ng4 Nc5 47. a6 Nxa6 48. Ne5+ Kc3 49. Nxg6 Nc7 50. Ne5 Nd5 51. Nxd3 1/2-1/2

[Event "Winnipeg TNT June op"]
[Site "Winnipeg"]
[Date "2012.06.26"]
[Round "4.4"]
[White "Moleta, Johan Kenneth"]
[Black "Swift, Ryne"]
[Result "1-0"]
[WhiteElo "1817"]
[BlackElo "1825"]
[PlyCount "51"]
[EventDate "2012.06.05"]
[EventType "swiss"]
[EventRounds "4"]
[EventCountry "CAN"]
[SourceTitle "EXT 2022"]
[Source "ChessBase"]
[SourceDate "2021.10.06"]
[SourceVersion "1"]
[SourceVersionDate "2021.10.06"]
[SourceQuality "1"]

1. d4 d5 2. c4 Nf6 3. cxd5 Nxd5 4. Nf3 e6 5. e4 Nf6 6. Nc3 Be7 7. Be2 0-0 8. 0-0 Re8 9. Bf4 Nbd7 10. Nb5 e5 11. Nxe5 Bd6 12. Nxf7 Kxf7 13. Qb3+ Kg6 14. Qg3+ Kf7 15. Bc4+ Kf8 16. e5 Nh5 17. Qf3 Nxf4 18. Qxf4+ Nf6 19. exd6 cxd6 20. Rae1 Rxe1 21. Rxe1 d5 22. Bd3 Bd7 23. Nc7 Rc8 24. Nxd5 h6 25. Qd6+ Kf7 26. Re7+ 1-0

[Event "Winnipeg TNT March op"]
[Site "Winnipeg"]
[Date "2012.03.27"]
[Round "4"]
[White "Green, Jim"]
[Black "Swift, Ryne"]
[Result "0-1"]
[WhiteElo "1814"]
[BlackElo "1807"]
[PlyCount "140"]
[EventDate "2012.03.06"]
[EventType "swiss"]
[EventRounds "4"]
[EventCountry "CAN"]
[SourceTitle "EXT 2022"]
[Source "ChessBase"]
[SourceDate "2021.10.06"]
[SourceVersion "1"]
[SourceVersionDate "2021.10.06"]
[SourceQuality "1"]

1. e4 e5 2. Nf3 Nc6 3. d4 exd4 4. Nxd4 Bc5 5. Nxc6 bxc6 6. Bc4 Nf6 7. Bg5 Bxf2+ 8. Kf1 Bc5 9. e5 h6 10. exf6 hxg5 11. Qe2+ Kf8 12. fxg7+ Kxg7 13. Qe5+ Qf6+ 14. Qxf6+ Kxf6 15. Nc3 d5 16. Bd3 Bf5 17. Bxf5 Kxf5 18. Re1 Rae8 19. a3 Bd4 20. Nd1 Rxe1+ 21. Kxe1 Be5 22. Rf1+ Ke6 23. h3 Rb8 24. b3 d4 25. Kd2 Rh8 26. Nf2 f5 27. Nd3 Kf6 28. a4 Re8 29. Kd1 Bd6 30. Kd2 c5 31. Nb2 Bf4+ 32. Kd1 Re3 33. h4 Rg3 34. hxg5+ Kxg5 35. Rf2 Bd6 36. Nc4 Kf6 37. Kd2 Kg5 38. Ke2 Rc3 39. Kd1 d3 40. cxd3 Rxb3 41. Kc2 Rb4 42. a5 Ra4 43. Kb3 Ra1 44. Kb2 Ra4 45. Kb3 Ra1 46. Kb2 Rg1 47. Kb3 a6 48. Kc2 f4 49. Kb3 Kg4 50. Nd2 Ra1 51. Nc4 Kg3 52. Rd2 Rg1 53. d4 Rxg2 54. Rd3+ Kh2 55. Nd2 cxd4 56. Kc4 Rf2 57. Kxd4 Kg2 58. Ke4 Re2+ 59. Kd4 Bb4 60. Ne4 c5+ 61. Nxc5 Bxc5+ 62. Kxc5 f3 63. Rd6 f2 64. Rg6+ Kf3 65. Rxa6 Kg4 66. Rf6 Re5+ 67. Kb6 Rf5 68. Rxf5 Kxf5 69. a6 f1Q 70. Kb7 Qb5+ 0-1